000 00550nam a2200217Ia 4500
003 OSt
005 20220924134836.0
006 a|||||r|||| 00| 0
007 ta
008 220923b |||||||| |||| 00| 0 ben d
024 _a287558
037 _cTextual
040 _aARTS
_cARTS
_bben
041 _2ben
_aben
082 _aH1.262, 157M6
100 _aRoy Sankarsan
_9209374
245 0 _aBhutattwiker chokhe paschim bangla
260 _c1986
942 _hH1.262, 157M6
_cTEXL
_2CC
999 _c438852
_d438852